000 00969nam0a22002651 4500
001 rc\4132060
005 20250611002707.0
035 _a(NLR Aleph) 007985413
090 _a8545743
_c8545743
100 _a20130415d1951 |||y0rusy50 ca
101 0 _arus
102 _aRU
105 _aa z |||||
200 1 _aЦиклонная топка ЦКТИ системы инженера А.Н. Ковригина
210 _aЛенинград
_cБ. и.
_d1951
215 _a6 с.
_cил.
_d26
225 1 _aНаучно-техническое совещание работников промышленности, деятелей науки и техники
_vВып. 110
300 _aВ конце текста авт.: инж. А.Н. Ковригин
333 _aНа правах рукописи
700 1 _aКовригин
_bА.Н.
801 0 _aRU
_bNLR
_gpsbo
801 1 _aRU
_bELAR
_2rusmarc
852 _aNLR
_jТ10 Г-8/63-110
942 _cBOOK
980 _aNB